[Event "23rd ch-EUR Indiv 2023"]
[Site "Vrnjacka Banja SRB"]
[Date "2023.03.03"]
[Round "1.30"]
[White "Kovalev, Vl"]
[Black "Piliposyan, Robert"]
[Result "1-0"]
[WhiteElo "2623"]
[BlackElo "2314"]
[Annotator "Borik"]
[PlyCount "91"]
[EventDate "2023.03.03"]
[EventType "swiss"]
[EventRounds "11"]
[EventCountry "SRB"]
[SourceTitle "The Week in Chess 1478"]
[Source "Mark Crowther"]
[SourceDate "2023.03.06"]
[SourceVersion "1"]
[SourceVersionDate "2023.03.06"]
[SourceQuality "2"]

{[%evp 0,91,19,22,22,3,14,23,12,11,3,19,-5,-8,-12,-1,9,7,-2,-26,1,-7,10,15,23,21,27,32,27,18,34,13,19,21,33,30,30,24,26,18,24,20,30,31,50,52,39,50,67,49,106,83,88,69,71,71,82,94,94,103,84,67,62,53,59,48,76,42,76,77,90,84,84,76,84,103,179,95,109,96,153,145,155,126,277,331,339,357,361,358,366,346,380,321]} 1. Nf3 d5 2. g3 g6 3. Bg2 Bg7 4. O-O e5 5. d3 Ne7 6. Nc3 Nbc6 7. e4 dxe4 8. dxe4 Bg4 9. Be3 O-O 10. h3 Qxd1 11. Raxd1 Bxf3 12. Bxf3 Nd4 13. Bg2 Rfd8 14. Rd2 Rd6 15. Nb1 Rad8 16. c3 Ne6 17. Rxd6 Rxd6 18. Nd2 Nc8 19. a4 Rd8 20. h4 Bf8 21. Nc4 f6 22. Bh3 Kf7 23. a5 Nd6 24. Rd1 Ra8 25. Nxd6+ Bxd6 26. Kf1 Ke7 27. Ke2 b6 28. Ra1 Rf8 29. b4 f5 30. axb6 axb6 31. Bh6 Rf7 32. Ra8 Kd7 33. Kd3 Bf8 34. Be3 Ke7 35. Ra7 Kf6 36. Kc4 h5 37. Ra8 Bd6 38. Kd5 Bf8 39. Kc6 Kg7 40. Re8 Kf6 41. Bf1 Re7 42. Rxf8+ Nxf8 43. Bg5+ Kf7 44. Bxe7 Kxe7 45. Kxc7 fxe4 46. Bg2 1-0

[Event "Spilimbergo 2023 - Master "]
[Site "Spilimbergo"]
[Date "2023.08.12"]
[Round "6.1"]
[White "Krysa, Leandro"]
[Black "Lodici, Lorenzo"]
[Result "0-1"]
[WhiteElo "2542"]
[BlackElo "2536"]
[PlyCount "68"]
[EventDate "2023.08.09"]
[EventRounds "9"]
[EventCountry "ITA"]

1. d4 Nf6 2. c4 e6 3. Nf3 d5 4. g3 dxc4 5. Bg2 c6 6. O-O b5 7. Ne5 Bb7 8. Nc3 a6 9. b3 cxb3 10. Qxb3 Qxd4 11. Bf4 Nbd7 12. Rfd1 Qb4 13. Nxd7 Nxd7 14. Qc2 O-O-O 15. a4 e5 16. axb5 axb5 17. Be3 Qc4 18. Qb2 Qb4 19. Qd2 Bc5 20. Rdb1 Bxe3 21. fxe3 Qc5 22. Nxb5 Nb6 23. Qa5 Qxe3+ 24. Kf1 cxb5 25. Rc1+ Kd7 26. Qxb5+ Ke6 27. Bxb7 Rd6 28. Bf3 Rhd8 29. Qb4 f5 30. g4 e4 31. gxf5+ Kxf5 32. Qc5+ Nd5 33. Qxe3 Nxe3+ 34. Kf2 Nd1+ 0-1

[Event "FIDE World Cup 2023"]
[Site "Baku AZE"]
[Date "2023.08.04"]
[Round "2.6"]
[White "Navara, D."]
[Black "Huschenbeth, N."]
[Result "1-0"]
[WhiteElo "2689"]
[BlackElo "2603"]
[PlyCount "51"]
[EventDate "2023.07.30"]
[EventType "k.o."]
[EventRounds "8"]
[EventCountry "AZE"]
[SourceTitle "The Week in Chess 1500"]
[Source "Mark Crowther"]
[SourceDate "2023.08.07"]
[SourceVersion "1"]
[SourceVersionDate "2023.08.07"]
[SourceQuality "2"]

1. e4 c5 2. Nf3 d6 3. Bb5+ Nd7 4. O-O a6 5. Bd3 Ngf6 6. c3 b5 7. a4 c4 8. Bc2 Bb7 9. axb5 axb5 10. Rxa8 Qxa8 11. Na3 Bxe4 12. Bxe4 Nxe4 13. d3 cxd3 14. Nxb5 Qb7 15. Qxd3 e6 16. Be3 d5 17. Ra1 Bd6 18. Ng5 Bb8 19. Nxe4 dxe4 20. Nd6+ Ke7 21. Nxe4 Qxb2 22. Rd1 Qb7 23. Bc1 Qc6 24. Ba3+ Ke8 25. Nc5 Qd5 26. Nxd7 1-0

[Event "Women's World Teams Final"]
[Site "Bydgoszcz POL"]
[Date "2023.09.09"]
[Round "1.1"]
[White "Nurmanova, Alua"]
[Black "Heinemann, Josefine"]
[Result "1-0"]
[WhiteElo "2347"]
[BlackElo "2296"]
[Annotator "Borik"]
[PlyCount "59"]
[EventDate "2023.09.09"]
[EventType "team-k.o. (rapid)"]
[EventRounds "3"]
[EventCountry "POL"]
[SourceTitle "The Week in Chess 1505"]
[Source "Mark Crowther"]
[SourceDate "2023.09.11"]
[SourceVersion "1"]
[SourceVersionDate "2023.09.11"]
[SourceQuality "2"]
[WhiteTeam "Kazakhstan"]
[BlackTeam "Germany"]
[WhiteTeamCountry "KAZ"]
[BlackTeamCountry "GER"]

{[%evp 0,59,22,8,49,47,99,51,51,38,38,35,56,15,32,30,60,33,4,-14,-12,-24,-24,-11,-6,-14,-37,-29,5,0,34,22,39,17,44,43,34,47,255,180,299,201,201,198,205,205,205,223,372,378,617,617,1231,1075,1131,1148,1148,1061,1089,1070,1265,1714]} 1. e4 c5 2. Nf3 d6 3. d4 cxd4 4. Nxd4 Nf6 5. Nc3 a6 6. h3 e5 7. Nf3 Qc7 8. g4 h6 9. a4 Be6 10. g5 hxg5 11. Nxg5 Nc6 12. Be3 Nb4 13. Bg2 Rd8 14. a5 Qc6 15. O-O d5 16. exd5 Nbxd5 17. Bb6 Rd7 18. Qe1 Bb4 19. Nxd5 Bxd5 20. Bxd5 Nxd5 21. Qxe5+ Ne7 22. Qxg7 Rf8 23. c3 Rd5 24. Rfe1 Kd7 25. cxb4 Qb5 26. Bc5 Re8 27. h4 Qc4 28. Ne4 Kc8 29. Bxe7 Rxe7 30. Rac1 1-0

[Event "Women's World Teams PoolB"]
[Site "Bydgoszcz POL"]
[Date "2023.09.08"]
[Round "5.3"]
[White "Paehtz, E."]
[Black "Stefanova, A."]
[Result "1-0"]
[WhiteElo "2479"]
[BlackElo "2410"]
[PlyCount "175"]
[EventDate "2023.09.06"]
[EventType "team (rapid)"]
[EventRounds "5"]
[EventCountry "POL"]
[SourceTitle "The Week in Chess 1505"]
[Source "Mark Crowther"]
[SourceDate "2023.09.11"]
[SourceVersion "1"]
[SourceVersionDate "2023.09.11"]
[SourceQuality "2"]
[WhiteTeam "Germany"]
[BlackTeam "Bulgaria"]
[WhiteTeamCountry "GER"]
[BlackTeamCountry "BUL"]

1. d4 d5 2. c4 c6 3. Nf3 Nf6 4. g3 g6 5. Bg2 Bg7 6. O-O dxc4 7. a4 h6 8. Na3 Be6 9. Qc2 Na6 10. Bd2 c5 11. Ne5 Qc8 12. Naxc4 O-O 13. Rfc1 Bh3 14. Qb3 Bxg2 15. Kxg2 Qe6 16. Qxb7 cxd4 17. Qc6 Qd5+ 18. Qxd5 Nxd5 19. Nd3 Rfc8 20. b4 Nc3 21. Na5 e5 22. Bxc3 dxc3 23. e4 f5 24. f3 fxe4 25. fxe4 c2 26. b5 Nc5 27. Nf2 Ne6 28. Nc6 Nd4 29. Nxd4 exd4 30. Ra2 Rc3 31. Rcxc2 Rac8 32. Rcb2 d3 33. Rd2 Rd8 34. a5 h5 35. b6 axb6 36. axb6 Rb3 37. b7 Rxb7 38. Rxd3 Rf8 39. Rf3 Re8 40. Rd2 Re6 41. Nd3 Rd7 42. Ra2 Rde7 43. Nf4 Rd6 44. Ra4 Kh7 45. Nd5 Rb7 46. Rf2 Re6 47. Rc4 Be5 48. Nf4 Ra6 49. Nd3 Re7 50. Nxe5 Rxe5 51. Rf7+ Kh6 52. Rf2 g5 53. h3 Rae6 54. Re2 g4 55. h4 Kg6 56. Rd4 Kh6 57. Re1 Kg6 58. Rb4 Kh6 59. Re3 Kg6 60. Rd4 Kh6 61. Kf2 Kg6 62. Ke2 Ra5 63. Red3 Ra2+ 64. Rd2 Ra3 65. Rd6 Kf7 66. Rxe6 Kxe6 67. Rd3 Ra5 68. Ke3 Kf6 69. Kf4 Ra6 70. e5+ Ke6 71. Rd6+ Rxd6 72. exd6 Kxd6 73. Kg5 Ke5 74. Kxh5 Kf5 75. Kh6 Ke4 76. Kg5 Kf3 77. h5 Kxg3 78. h6 Kf3 79. h7 g3 80. h8=Q g2 81. Qh2 Kf2 82. Qf4+ Ke2 83. Qg3 Kf1 84. Qf3+ Kg1 85. Kg4 Kh2 86. Qh3+ Kg1 87. Kf3 Kf1 88. Qxg2+ 1-0

[Event "Women's World Teams Final"]
[Site "Bydgoszcz POL"]
[Date "2023.09.09"]
[Round "1.2"]
[White "Paehtz, E."]
[Black "Assaubayeva, Bibisara"]
[Result "0-1"]
[WhiteElo "2479"]
[BlackElo "2469"]
[PlyCount "116"]
[EventDate "2023.09.09"]
[EventType "team-k.o. (rapid)"]
[EventRounds "3"]
[EventCountry "POL"]
[SourceTitle "The Week in Chess 1505"]
[Source "Mark Crowther"]
[SourceDate "2023.09.11"]
[SourceVersion "1"]
[SourceVersionDate "2023.09.11"]
[SourceQuality "2"]
[WhiteTeam "Germany"]
[BlackTeam "Kazakhstan"]
[WhiteTeamCountry "GER"]
[BlackTeamCountry "KAZ"]

1. Nf3 Nf6 2. c4 g6 3. b3 Bg7 4. Bb2 O-O 5. g3 b6 6. Bg2 Bb7 7. d4 d5 8. cxd5 Nxd5 9. e4 Nf6 10. e5 Nd5 11. O-O e6 12. Nbd2 Nd7 13. Nc4 a5 14. a4 c5 15. Ba3 Nb4 16. Qe2 Qc7 17. Rac1 Bd5 18. Bxb4 axb4 19. Rfd1 Rad8 20. Qe3 Qb8 21. dxc5 bxc5 22. Re1 Rc8 23. Nfd2 Qa8 24. Bxd5 Qxd5 25. Rcd1 Qc6 26. f4 f6 27. exf6 Rxf6 28. Nf3 Nf8 29. Nfe5 Qc7 30. Nd6 Rd8 31. Nec4 h6 32. Rd2 Nh7 33. Red1 Rdf8 34. Ne4 Rf5 35. Rd7 Qc8 36. Rxg7+ Kxg7 37. Ned6 Qc7 38. Nxf5+ exf5 39. Qe6 Nf6 40. Rd6 Qb7 41. Qe5 Rf7 42. a5 Qf3 43. a6 Qxb3 44. Ne3 Qb1+ 45. Kf2 b3 46. Rxf6 Rxf6 47. Nd5 Qc2+ 48. Kg1 Qd1+ 49. Kg2 Qd2+ 50. Kh3 Qd4 51. Nxf6 Qxe5 52. fxe5 b2 53. Nh5+ Kf7 54. e6+ Ke7 55. a7 b1=Q 56. a8=Q Qf1+ 57. Qg2 Qxg2+ 58. Kxg2 gxh5 0-1

[Event "DSMM Ü65: Sachsen - Baden 0,5:3,5"]
[Site "?"]
[Date "2023.08.14"]
[Round "2.1"]
[White "Podat, Vladimir"]
[Black "Böhm, Erwin"]
[Result "1-0"]
[WhiteElo "2235"]
[BlackElo "2121"]
[Annotator "Metz,Hartmut"]
[PlyCount "53"]
[EventDate "2023.??.??"]

1. d4 g6 2. c4 Bg7 3. Nc3 d6 4. e4 Nc6 5. Be3 e5 6. d5 Nce7 7. c5 f5 8. Bb5+ (8. cxd6 cxd6 9. Bb5+ Kf7 10. Nf3 h6 11. exf5 (11. Qc2 Nf6 12. O-O-O a6 13. Bd3 b5 14. Kb1 b4 15. Na4 fxe4 {0-1 (15) Pantzar,M (2421)-Nakamura,H (2736) Chess. com INT 2020}) 11... gxf5 12. Qc2 Nf6 13. h3 Bd7 14. Bxd7 Qxd7 15. Qb3 f4 16. Bd2 Nf5 17. O-O e4 18. Nh2 f3 19. Rfe1 Rae8 20. Qb5 Qxb5 21. Nxb5 fxg2 22. Kxg2 Nxd5 23. Rad1 Rhg8 24. Kh1 a6 25. Bc1 axb5 26. Rxd5 Re5 27. Rxe5 Bxe5 28. Ng4 Rc8 29. Nxe5+ dxe5 30. Bd2 Rc2 31. Bc3 Rxf2 32. Bxe5 e3 33. Kg1 Ke6 34. Bc3 Rc2 35. a3 Kd5 36. Rd1+ Ke4 37. Rd8 Nh4 38. Re8+ Kf3 39. Rf8+ Kg3 40. Rg8+ Kxh3 {0-1 (40) Batsiashvili,N (2467)-Wei,Y (2722) Chess.com INT 2023}) 8... Kf7 9. Qb3 $5 $14 {Eine interessante Neuerung.} Bh6 {Ein Zug, den die Engines auch wählen.} 10. Nf3 $14 Bxe3 11. fxe3 h6 $2 (11... Kg7 $14 {sollte gewählt werden. Dann hat Weiß nur einen kleinen Vorteil.}) 12. Nxe5+ $5 {Eine interessante Abwicklung. Komodo gefällt indes} (12. Bd3 Kg7 13. O-O Nf6 14. Nh4 (14. exf5 Nxf5 15. e4 Ne7 16. Ne2 g5 17. Nd2 Ng6 18. Rac1 $16) 14... Ng4 15. Rae1 fxe4 16. Bxe4 Rf8 17. Rxf8 Qxf8 18. Rf1 Qd8 19. Ne2 Nf6 20. Ng3 Bd7 21. Qc2 Be8 22. Qf2 Nh7 23. Bc2 a6 (23... dxc5 24. Ne4 Qxd5 25. Nf6 Qf7 26. Nxe8+ Qxe8 27. Bb3 h5 28. Qg3 Nf6 29. Qg5 Qc6 {[#]} 30. Rf5 $1 c4 31. Rxe5 Nfd5 32. Rxe7+ Nxe7 33. Qxe7+ Kg8 34. Bc2 Re8 35. Qg5 Qe6 36. Kf2 Qg4 37. Qd5+ Qe6 38. Qd4 $1 (38. Qxe6+ $2 Rxe6 39. Nxg6 Rb6 40. b3 Kg7 41. Nf4 Ra6 42. Bb1 cxb3 43. axb3 h4 44. Ke2 Ra1 45. Bc2 Kf6 $16 {lässt Schwarz noch Widerstand leisten.}) 38... Rf8+ 39. Nf3 g5 40. Qc5 Qf6 41. Qxc7 Rf7 42. Qxc4 g4 43. Bb3 gxf3 44. Qxf7+ Qxf7 45. Bxf7+ Kxf7 46. Kxf3) 24. cxd6) 12... dxe5 13. d6+ Kg7 (13... Be6 {macht die Lage nicht besser von Schwarz:} 14. Bc4 Qd7 15. dxe7 Nxe7 16. Nd5 Bxd5 (16... b5 17. cxb6 cxb6 18. Nc7 Qxc7 19. Bxe6+ Kg7 20. O-O Rhf8 21. Rac1 Qb7 22. Rc4 b5 23. Rc5 Qxe4 24. Rc7 Rae8 25. Bd5 Qh4 26. Qxb5 Rc8 27. Rxa7 Qf6 28. Qb4 Rfe8 29. Bb3 $18)) 14. dxe7 Qxe7 15. O-O c6 (15... Qxc5 16. exf5 Bxf5 17. Ne4 Qe7 18. Rad1 c6 19. Nd6 Rf8 20. Bd3 Be6 21. Qb4 Rxf1+ 22. Rxf1 Bd5 23. Be4 a5 24. Qc5 b6 25. Qxb6 Nf6 26. Bxd5 cxd5 27. Rc1 Rd8 {hält noch eine Weile mit, führt jedoch in ein verlorenes Endspiel.} 28. Nc8 $1 Qe8 29. Rc7+ Rd7 30. Qxa5 Qd8 31. Rxd7+ Qxd7 32. Qa7 $1 Qxa7 33. Nxa7 Kf7 34. Kf2 Ng4+ 35. Ke2 Nxh2 36. b4 Ke6 37. b5 Kd7 38. a4 Ng4 39. Nc6 Kd6 40. a5 Nf6 41. a6 Nd7 42. a7 Nb6 43. Kd3 h5 44. Kc3 Na8 45. Kb4 d4 46. exd4 exd4 47. Nxd4 Kc7 48. Kc5 Kb7 49. Ne6 Kxa7 50. Kc6 Nb6 51. Nf4 Nc4 52. Nxg6 Kb8 53. Nf4 Ne3 (53... h4 54. Ng6) 54. b6 Kc8 55. b7+ Kb8 56. Ne6 Nc2 57. Nc7 Nb4+ (57... Nd4+ 58. Kb6 Nb3) 58. Kb6 h4 59. Na6+ Nxa6 60. Kxa6 h3 61. gxh3 Kc7 62. Ka7) 16. Bd3 Nf6 17. exf5 e4 {[#]} 18. Nxe4 $3 Nxe4 19. Bxe4 Qxe4 20. Qc3+ Kh7 21. fxg6+ Qxg6 22. Rf6 Qe8 23. Raf1 Be6 24. Qe5 (24. Qd3+ {gewinnt ebenso:} Kg7 25. Qd4 Kg8 26. R1f3 Rh7 27. Rg3+ Rg7 28. Rxg7+ Kxg7 29. Rxe6+) 24... Bd5 25. Qf5+ Kg7 26. Qg4+ Kh7 {[#]} 27. Rxh6+ $1 {Die treffliche Schlusspointe, die zum Matt führt.} (27. Rxh6+ Kxh6 28. Rf6+ Kh7 29. Qh4+ Kg7 30. Qg5+ Kh7 31. Rh6#) 1-0

[Event "FIDE World Cup 2023"]
[Site "Baku AZE"]
[Date "2023.08.04"]
[Round "2.8"]
[White "Ponomariov, R."]
[Black "Kollars, Dmitrij"]
[Result "1-0"]
[WhiteElo "2664"]
[BlackElo "2618"]
[PlyCount "27"]
[EventDate "2023.07.30"]
[EventType "k.o."]
[EventRounds "8"]
[EventCountry "AZE"]
[SourceTitle "The Week in Chess 1500"]
[Source "Mark Crowther"]
[SourceDate "2023.08.07"]
[SourceVersion "1"]
[SourceVersionDate "2023.08.07"]
[SourceQuality "2"]

1. d4 Nf6 2. c4 e6 3. Nf3 b6 4. g3 Bb7 5. Bg2 Be7 6. O-O O-O 7. Nc3 Ne4 8. Qc2 f5 9. Ne5 d5 10. Nd3 Nd7 11. Nf4 Rf6 12. cxd5 Nxc3 13. Qxc3 Nf8 14. d6 1-0

[Event "FIDE World Cup 2023"]
[Site "Baku AZE"]
[Date "2023.08.03"]
[Round "2.2"]
[White "Praggnanandhaa, R."]
[Black "Lagarde, Max"]
[Result "1/2-1/2"]
[WhiteElo "2690"]
[BlackElo "2599"]
[Annotator "Borik"]
[PlyCount "60"]
[EventDate "2023.07.30"]
[EventType "k.o."]
[EventRounds "8"]
[EventCountry "AZE"]
[SourceTitle "The Week in Chess 1500"]
[Source "Mark Crowther"]
[SourceDate "2023.08.07"]
[SourceVersion "1"]
[SourceVersionDate "2023.08.07"]
[SourceQuality "2"]

{[%evp 0,60,19,31,19,-16,-22,-7,-11,6,44,32,43,27,29,18,19,5,48,15,16,18,19,14,21,25,13,17,3,-7,6,15,-6,-18,15,-10,7,-1,-1,2,2,10,0,-4,-3,-3,0,0,-2,-3,0,0,-2,-8,14,-2,-8,-3,-2,0,4,2,2]} 1. d4 d5 2. c4 e6 3. Nf3 Nf6 4. Nc3 c6 5. e3 Nbd7 6. Qc2 Bd6 7. b3 O-O 8. Be2 Re8 9. O-O b6 10. Bb2 Bb7 11. Rad1 Qc7 12. Bd3 Rac8 13. cxd5 cxd5 14. Qe2 Qb8 15. h3 Ne4 16. Rc1 Ndf6 17. Nb1 Rxc1 18. Rxc1 Rc8 19. Rxc8+ Qxc8 20. Ne5 Nd7 21. Nxd7 Qxd7 22. Qc2 h5 23. Nd2 Nxd2 24. Qxd2 Qc7 25. Qd1 g6 26. h4 f5 27. f4 Kf7 28. Qc1 Qxc1+ 29. Bxc1 Be7 30. g3 Bd6 1/2-1/2

[Event "EU-chT 22nd"]
[Site "Batumi"]
[Date "2019.11.02"]
[Round "9.1"]
[White "Ragger, Markus"]
[Black "Andersen, Mads"]
[Result "1-0"]
[WhiteElo "2684"]
[BlackElo "2601"]
[PlyCount "85"]
[EventDate "2019.10.24"]
[EventType "team-swiss"]
[EventRounds "9"]
[EventCountry "GEO"]
[SourceTitle "CBM 193"]
[Source "ChessBase"]
[SourceDate "2019.12.31"]
[SourceVersion "1"]
[SourceVersionDate "2019.12.31"]
[SourceQuality "1"]
[WhiteTeam "Austria"]
[BlackTeam "Denmark"]
[WhiteTeamCountry "AUT"]
[BlackTeamCountry "DEN"]

1. e4 c5 2. Nf3 d6 3. d4 cxd4 4. Nxd4 Nf6 5. Nc3 a6 6. Be3 e6 7. Be2 Qc7 8. Qd2 b5 9. a3 Bb7 10. f3 Nc6 11. g4 Be7 12. g5 Nd7 13. Nxc6 Qxc6 14. h4 O-O 15. h5 Rac8 16. O-O-O Ne5 17. h6 g6 18. Qd4 Qc5 19. Qxc5 Rxc5 20. f4 Rxc3 21. bxc3 Nc4 22. Bxc4 bxc4 23. Rhe1 Bxe4 24. Bc5 Bd5 25. Rxd5 exd5 26. Bd4 Bd8 27. Bg7 Ba5 28. Bxf8 Kxf8 29. Kd2 d4 30. Rb1 Bxc3+ 31. Ke2 Ke7 32. Rb7+ Ke6 33. Rc7 a5 34. Rxc4 Bb2 35. a4 Bc3 36. Rc8 Bb2 37. Re8+ Kd7 38. Ra8 Bc3 39. Kd3 Ke6 40. Rh8 Kf5 41. Rxh7 Kxf4 42. Rxf7+ Kxg5 43. h7 1-0

[Event "HUN-ch39+"]
[Site "Budapest"]
[Date "1984.03.27"]
[Round "?"]
[White "Sax, Gyula"]
[Black "Szell, Lajos"]
[Result "1-0"]
[WhiteElo "2575"]
[BlackElo "2370"]
[PlyCount "80"]
[EventDate "1984.03.27"]
[EventType "tourn"]
[EventRounds "11"]
[EventCountry "HUN"]
[SourceTitle "EXT 2010"]
[Source "ChessBase"]
[SourceDate "2010.11.25"]
[SourceVersion "1"]
[SourceVersionDate "2010.11.25"]
[SourceQuality "1"]

1. e4 e5 2. Nf3 Nc6 3. Bb5 f5 4. Nc3 fxe4 5. Nxe4 Nf6 6. Qe2 d5 7. Nxf6+ gxf6 8. d4 Bg7 9. dxe5 O-O 10. Bxc6 bxc6 11. e6 Re8 12. O-O Bxe6 13. Qd3 c5 14. Nh4 Qd7 15. Bf4 Rab8 16. b3 Rb4 17. Qg3 Re4 18. Rad1 Kh8 19. h3 Qf7 20. Rfe1 Bc8 21. Rxe4 Rxe4 22. Qf3 f5 23. Qg3 c6 24. f3 Re2 25. Re1 Rxe1+ 26. Qxe1 Qe6 27. Qg3 Bf6 28. Bg5 Be5 29. f4 Bd4+ 30. Kh2 h6 31. Be7 Qg8 32. Qd3 Qg7 33. Bd6 Qf6 34. Qxd4 Qxd4 35. Be5+ Kh7 36. Bxd4 cxd4 37. b4 Ba6 38. Nxf5 d3 39. cxd3 Bxd3 40. Nd4 Kg6 1-0

[Event "23rd ch-EUR Indiv 2023"]
[Site "Vrnjacka Banja SRB"]
[Date "2023.03.03"]
[Round "1.12"]
[White "Shevchenko, Kirill"]
[Black "Atakishiyev, Elmar"]
[Result "1-0"]
[WhiteElo "2668"]
[BlackElo "2344"]
[Annotator "Borik"]
[PlyCount "115"]
[EventDate "2023.03.03"]
[EventType "swiss"]
[EventRounds "11"]
[EventCountry "SRB"]
[SourceTitle "The Week in Chess 1478"]
[Source "Mark Crowther"]
[SourceDate "2023.03.06"]
[SourceVersion "1"]
[SourceVersionDate "2023.03.06"]
[SourceQuality "2"]

{[%evp 0,115,32,-9,-11,-11,-19,-16,-26,-41,-26,-23,-24,-16,9,-17,5,-3,3,-9,30,17,25,7,15,22,12,-25,24,-7,1,4,30,13,4,-1,15,-19,28,30,33,35,43,9,48,49,50,50,40,41,36,39,46,28,57,41,65,41,62,50,55,58,75,45,71,49,63,65,65,65,87,96,97,136,134,135,135,160,160,154,171,164,188,167,170,197,187,221,206,204,226,220,219,229,212,236,238,241,253,250,250,222,237,206,206,225,231,253,244,244,244,288,314,342,403,460,515,519]} 1. c4 Nf6 2. Nc3 e5 3. Nf3 Nc6 4. g3 Bb4 5. Bg2 O-O 6. O-O Re8 7. Nd5 d6 8. Nxb4 Nxb4 9. d3 e4 10. dxe4 Nxe4 11. Bf4 a5 12. Nd4 Bd7 13. Nb5 Bc6 14. f3 Nc5 15. Nc3 Ne6 16. Bc1 Qf6 17. Rb1 a4 18. e4 Qd4+ 19. Qxd4 Nxd4 20. Be3 Ndc2 21. Bd2 Na6 22. Rfc1 Ncb4 23. Rd1 Nc5 24. Nd5 Nxd5 25. cxd5 Bb5 26. Rbc1 b6 27. g4 h6 28. h4 f6 29. Rc3 Kf7 30. Be3 Ra5 31. Bd4 Bd7 32. Kf2 Rea8 33. Rd2 Re8 34. h5 Rb5 35. Bf1 Ra5 36. b4 axb3 37. axb3 Ra3 38. b4 Rxc3 39. Bxc3 Na4 40. Bd4 Ra8 41. Rc2 Ra7 42. Kg3 Rb7 43. Ba6 Ra7 44. Bd3 Rb7 45. f4 b5 46. e5 fxe5 47. fxe5 dxe5 48. Bxe5 Nb6 49. Bg6+ Kg8 50. Rf2 Nc4 51. Bxg7 Kxg7 52. Rf7+ Kg8 53. Rxd7 Ra7 54. Bf7+ Kh8 55. Be6 Ra4 56. Kf4 Rxb4 57. Kf5 Rb1 58. Rxc7 1-0

[Event "World Rapid Team 2023"]
[Site "Dusseldorf GER"]
[Date "2023.08.26"]
[Round "1.2"]
[White "Short, Nigel D"]
[Black "Abdusattorov, Nodirbek"]
[Result "1/2-1/2"]
[WhiteElo "2592"]
[BlackElo "2725"]
[Annotator "frank"]
[PlyCount "117"]
[EventDate "2023.08.26"]
[EventType "rapid"]
[WhiteTeam "FIDE Management Board"]
[BlackTeam "WR Chess"]

{[%evp 0,117,8,8,70,58,49,6,18,11,19,4,24,18,17,-20,-31,-18,-39,-31,2,-31,-31,-31,-33,-25,6,-22,-5,-1,4,6,17,1,1,14,44,51,35,42,59,40,54,50,74,66,112,17,39,-17,-5,2,-8,-7,-13,-7,4,6,10,11,61,13,39,49,40,44,54,54,208,38,222,58,66,49,46,53,79,51,-10,165,114,14,30,-44,-55,-55,-4,-4,-86,-51,-6,-219,-239,-194,-192,-222,-222,-418,-449,-487,-487,-513,154,-966,-966,-916,-1044,-1178,-1178,-1189,-1232,-1297,-1352,-1289,-1489,-1551,-1559,-1469,0,-1562]} 1. e4 c5 2. Nc3 Nc6 3. g3 g6 4. Bg2 Bg7 5. d3 Rb8 6. Be3 d6 7. Qd2 b5 8. Nge2 b4 9. Nd1 h5 10. h3 Nf6 11. f4 Nd7 12. O-O Nd4 13. a3 b3 14. c3 Nc2 15. Rc1 Nxe3 16. Nxe3 Ba6 17. Rcd1 h4 $5 18. g4 e6 {[#]} 19. g5 $1 {Shorts Strategie, geschlossenes Sizilianisch gegen die jungen Leute, hat sich ausbezahlt. Das Läuferpaar kann hier seine Stärke nicht entfalten, Schwarz fehlen die Hebel, Weiß hat das geballte Zentrum.} Bb7 (19... e5 20. Nd5) 20. Kh1 Qe7 21. Ng4 Kd8 $5 (21... O-O 22. Ng1 Rfe8 23. Nf3 a5 24. Nxh4) 22. d4 Kc7 23. Qe3 $5 Nb6 24. Nc1 $5 c4 25. Ne2 Rbd8 26. Qf2 Kb8 27. Ng1 Na4 28. Rde1 Bc6 29. Re2 Qb7 30. Rfe1 Rdf8 31. Nf3 Nb6 {[#]} 32. Nxh4 $5 (32. d5 exd5 33. e5) 32... Nd7 33. Qg3 Qc7 34. Kh2 (34. d5 exd5 35. exd5) 34... Rh5 35. Nf3 Rfh8 36. Nd2 $6 (36. f5 gxf5 37. exf5 exf5 38. Re8+) 36... Bb7 37. Rf1 Ka8 {[#]} 38. f5 $5 Rxg5 39. fxe6 Ne5 $6 {Ein Verwirrversuch} (39... fxe6 40. Rf7) 40. dxe5 $2 (40. Kg1 $18) 40... Bxe5 41. Rf4 (41. Nxe5 Rxg3 42. exf7 (42. Rxf7)) 41... d5 42. Ref2 f5 {[#]} 43. exf5 $2 (43. Kg1 fxg4 (43... dxe4 44. Nxe4 $3) 44. Rf8+) 43... gxf5 44. Kg1 Rgg8 45. e7 (45. Qe3) 45... Qxe7 46. Qe3 fxg4 47. hxg4 {[#]} Rxg4 $1 48. Nf1 (48. Rxg4 Bh2+) 48... Rgg8 49. Re2 d4 $1 50. cxd4 {[#]} Bxd4 $2 (50... Qg7 51. Qxe5 Qxg2+ 52. Rxg2 Rxg2#) 51. Qxd4 $2 (51. Rxd4) 51... Qxe2 52. Rf8+ Rxf8 53. Bxb7+ Kb8 54. Qd6+ Kxb7 55. Qd7+ Kb6 (55... Kb8 56. Qd6+ Kc8 57. Qc6+ Kd8 58. Qd6+ Ke8 59. Qb8+ Kf7 60. Qf4+ (60. Qc7+ Kg6 61. Qg3+ Kf5) 60... Ke6) 56. Qd6+ Kb7 57. Qd7+ Kb6 58. Qd6+ Kb5 59. Qd5+ 1/2-1/2

[Event "Spilimbergo 2023 - Master "]
[Site "Spilimbergo"]
[Date "2023.08.15"]
[Round "9.1"]
[White "Sonis, Francesco"]
[Black "Kollars, Dmitrij"]
[Result "0-1"]
[WhiteElo "2564"]
[BlackElo "2628"]
[PlyCount "104"]
[EventDate "2023.08.09"]
[EventRounds "9"]
[EventCountry "ITA"]

1. Nf3 d5 2. e3 Nf6 3. c4 e6 4. b3 c5 5. Bb2 Nc6 6. cxd5 exd5 7. Bb5 Bd6 8. d4 O-O 9. dxc5 Bxc5 10. O-O Bg4 11. Bxc6 bxc6 12. Qc2 Bxf3 13. gxf3 Bb6 14. Qf5 d4 15. Rd1 Nd5 16. Bxd4 Nxe3 17. fxe3 c5 18. Na3 cxd4 19. Nc4 Re8 20. Kh1 g6 21. Qf4 d3 22. Rd2 Bc7 23. Qg4 Qf6 24. Rad1 Rad8 25. Qg2 Rd7 26. Qf2 Red8 27. Qf1 Qf5 28. f4 Qe4+ 29. Qg2 f5 30. Qxe4 fxe4 31. Rg2 Rd5 32. Nd2 Re8 33. Rc1 Bb6 34. Rg3 Rc5 35. Rxc5 Bxc5 36. Nc4 Rd8 37. Rg1 Kf7 38. Kg2 Ke6 39. Kf2 Be7 40. Ke1 Rd5 41. Kf2 g5 42. fxg5 Rf5+ 43. Ke1 Bb4+ 44. Kd1 Rf2 45. Kc1 Rxa2 46. Kb1 Rxh2 47. g6 hxg6 48. Rxg6+ Kf5 49. Rg1 Re2 50. Rf1+ Ke6 51. Rh1 Bc3 52. Rc1 Bd2 0-1